000 00817nam a22002897a 4500
001 0108
003 DO-SdBNP
005 20180201153815.0
007 0108
008 151005b1987 sp 00| 0 spa d
020 _a8477222339
040 _aBPMSU
_bspa
_cBPMSU
092 _aXXXX
_bXXXX
100 1 _aBailey, Nancy
240 1 0 _aBound for Australia /
_leng
245 1 0 _aRumbo a Australia /
_cNancy Bailey ; ilustraciones Julek Heller ; traducción Margarita Cavándoli
260 _aBarcelona :
_bTimun mas,
_c1987.
300 _a125 p. :
_bil.
_c18 cm.
490 1 _aLa maquina del tiempo
_v19
700 1 2 _aCavándoli, Margarita
_etrad.
700 1 2 _aHeller, Julek
_eil.
830 0 _aLa maquina del tiempo
_n19
910 _a202
942 _2ddc
_cBK
945 _aInventariado, 2018 / BT
956 _aYngrid Lockward
999 _c8613
_d8613